000 00801nam a22002777a 4500
003 CHAP
005 20220329140819.0
008 971013s1960 enka r 00010 eng d
010 _a58039
011 _a59011
035 _a63168
040 _cCHAP
082 0 4 _a638.1
_bS55
100 0 0 _aSmith, Francis G.
_9107006
245 1 _aBeekeeping in the tropics
260 _aLondon :
_bLongmans,
_c1960
300 _a265 p.
_b: ilus.
590 _aBATCH-UPD
_b10
_c20130109
_lUCH01
_h2322
590 _aBATCH-UPD
_b10
_c20130110
_lUCH01
_h0641
590 _aBATCH-UPD
_b10
_c20130409
_lUCH01
_h1845
590 _aCONVERSION
_b10
_c20130109
_lUCH01
_h1331
650 1 4 _aApicultura
_xTropicos.
_96281
901 _aBK
942 _cLIBRO
949 _a638.1 S55
_bBC
_cLIBRO
_d33724000094686
_eLIBRO
_h24806
_i63168
_si
999 _c58039
_d58039